| 000 | 003940000a22001570004500 | ||
|---|---|---|---|
| 003 | MACL | ||
| 005 | 20160108140958.0 | ||
| 008 | 160108b xxu||||| |||| 00| 0 eng d | ||
| 040 |
_aMACL _cEnglish |
||
| 082 | _a920/BAI | ||
| 100 |
_aBaig, Tara Ali _91043 |
||
| 245 | _aSarojini Naidu | ||
| 260 |
_bCongress Centenary _c1985 _aNew Delhi |
||
| 650 |
_aBiography _929779 |
||
| 942 |
_cBK _k920/bai _2ddc |
||
| 999 |
_c34162 _d34162 |
||